| 000 | 00424nam a22001577a 4500 | ||
|---|---|---|---|
| 003 | OSt | ||
| 005 | 20211105113221.0 | ||
| 008 | 211105b |||||||| |||| 00| 0 eng d | ||
| 040 | _cHAWASSA UNIVERSITY | ||
| 050 |
_a636.5/ROB _b1 |
||
| 082 |
_a636.5/ROB _b1 |
||
| 100 |
_aROBINSON, LEONARD _qROBINSON, LEONARD _917086 |
||
| 245 | _aMODERN POLUTRY HUSBANDARY | ||
| 260 |
_aLONDON _bCROSBY LOCKWOOD _c1961 |
||
| 942 |
_2ddc _cBOOKS _n0 |
||
| 999 |
_c16932 _d16932 |
||